Statistics for Moscow City Quiz

Click here to take the quiz!

General Stats

  • This quiz has been taken 50 times
    (9 since last reset)
  • The average score is 15 of 17

Answer Stats

HintAnswer% Correct
Theater for opera and ballet performancesBolshoi
100%
Author of "Crime and Punishment"Fyodor Dostoyevski
100%
Fortified complex and presidential residenceKremlin
100%
Invading emperor who saw Moscow burning in 1812Napoleon Bonaparte
100%
Newspaper whose name means "truth"Pravda
100%
Central square that borders mentioned palaceRed Square
100%
Another building on the central square, also called Pokrovsky CathedralSaint Basil's Cathedral
100%
This city replaced Moscow as the Russian capital in 1721St. Petersburg
100%
Sports event that took place in 1980Summer Olympics
100%
Soviet leader whose preserved body has been on public display since 1924Vladimir Lenin
100%
Name for the Lower House of the Russian parliamentDuma
88%
Reaction of several western countries towards mentioned eventBoycott
75%
Club associated with the Red Army that has teams for several sportsCSKA
75%
River that gave the city its nameMoscva
75%
Demonym (name for the residents)Muscovite
75%
Park named for "Mother" author Maxim; title of a William Hurt filmGorky Park
63%
Russian-born Google founderSergey Brin
25%

Score Distribution

Percentile by Number Answered

Percent of People with Each Score

Your Score History

You have not taken this quiz since the last reset